Top 20 Länder die die meisten kennen. - Statistiken

Allgemein
  • Dieses Quiz wurde 264 mal gespielt
  • Das Durchschnittsergebnis liegt bei 16 aus 20
Antwortstatistiken
Hint Antwort % Korrekt
95% Deutschland
99%
95% Vereinigte Staaten
99%
92% China
96%
94% Frankreich
95%
93% Spanien
94%
93% Italien
91%
93% Kanada
90%
94% Russland
90%
90% Brasilien
81%
90% Australien
79%
92% Polen
77%
92% Schweiz
75%
91% Schweden
73%
92% Österreich
72%
92% Portugal
71%
90% Norwegen
67%
90% Dänemark
66%
89% Belgien
62%
90% Türkei
58%
90% Finnland
57%
Keine übereinstimmenden Quizze gefunden
Verteilung der Resultate
Anzahl Personen mit jedem Resultat
Perzentil nach korrekt beantworteten Fragen
Ihre Resultats-Entwicklung
Sie haben dieses Quiz noch nicht gespielt